000 00722nam a2200241 i 4500
001 17119
003 ES-MaACL
005 20250812045606.0
007 t|
008 001221s2000 sp ||||1| spa d
020 _a84-8306-215-1
080 _a7.034(04)
080 _a7.034(45)(04)
100 1 _aGombrich, E. H.
_957735
245 1 0 _aNorma y forma
_b: estudios sobre el arte del Renacimiento, 1 /
_cE. H. Gombrich.
250 _a1ª ed.
260 _aMadrid :
_bDebate,
_c2000.
300 _aXII, 164 p., [114] p. de lám. ;
_c25 cm.
650 1 7 _aArte renacentista
_2embne
_910287
650 1 4 _aArte renacentista-
_zItalia
_910293
852 _aES-MaACL
_jL-23921
_bR.129279
999 _c17119
_d17119